000 01633nam a2200325 a 4500
001 000014884
003 DO-SdBNP
005 20231018112057.0
008 100127s2006 sp abd 001 0 spa d
020 _a9788486497712
040 _aBPMSU
_bspa
_cBPMSU
082 4 _222
_a500
_bF727i 2007
092 _a
_b
111 2 _aForo sobre tendencias sociales
_d(9: 22-24 nov. 2006:
_cMadrid )
_4
245 1 0 _aLos impactos sociales de la revolución científico-tecnológica :
_bNoveno Foro sobre Tendencias Sociales, Facultad de Ciencias Políticas y Sociología de la UNED, durante los días 22, 23 y 24 de noviembre de 2006/
_ceditor José Félix Tezanos
250 _a
260 _aMadrid :
_bPNUD,
_c2007
300 _a498 p. :
_bils., mapas ;
_c23 cm.
490 0 _aCiencias sociales
520 _aLos trabajos presentados analizan los impactos sociales que están tendiendo lugar como consecuencia de los cambios científico-tecnológicos, tanto desde una perspectiva general como en lo concerniente a las innovaciones concretas en los campos de la biotecnología, las tecnologías de la información y la comunicación, la robótica y la automatización avanzada.
590 _aInventariado, 2023/VM
650 4 _aCiencia
_xAspectos sociales
_vCongresos, conferencias, etc.
650 4 _aTecnología
_xAspectos sociales
_vCongresos, conferencias, etc.
650 4 _aRobótica
_vCongresos, conferencias, etc.
650 4 _aAutomatización
_vCongresos, conferencias, etc.
700 1 _aJosé Félix Tezanos
_e pról.
910 _a VMateo V. Control de calidad BPMSU
942 _2ddc
_cBK
945 _a
999 _c13093
_d13093